logo

Bir Sreshtho Munshi Abdur Rouf Library
Jhenaidah Cadet College

The Qur'anic Worldview: (Record no. 12264)

MARC details
000 -LEADER
fixed length control field 00757nam a2200253 a 4500
001 - CONTROL NUMBER
JCCL Control Number 12264
003 - CONTROL NUMBER IDENTIFIER
JCCL marc code BD-JhCC
005 - DATE AND TIME OF LATEST TRANSACTION
control field 20220616134023.0
008 - FIXED-LENGTH DATA ELEMENTS--GENERAL INFORMATION
fixed length control field 210916b2008 nyu |||| ||a| 000 0 eng d
020 ## - INTERNATIONAL STANDARD BOOK NUMBER
International Standard Book Number 9781565643659
035 ## - SYSTEM CONTROL NUMBER
system control number (BD-JhCC)12264
040 ## - CATALOGING SOURCE
Original cataloging agency BD-JhCC
Modifying agency BD-JhCC
041 ## - LANGUAGE CODE
Language code of Book english
082 ## - DEWEY DECIMAL CLASSIFICATION NUMBER
Classification number 297.242
Author mark and Year SUL 2008
100 ## - MAIN ENTRY--PERSONAL NAME
Personal name Sulayman,Abdulhamid Abu
245 ## - TITLE STATEMENT
Title The Qur'anic Worldview:
Remainder of title A Springboard For Cultural Reform /
Statement of responsibility, etc Abdulhamid Abu Sulayman.
260 ## - PUBLICATION, DISTRIBUTION, ETC. (IMPRINT)
Place of publication, distribution, etc London:
Name of publisher, distributor, etc the international institute of islamic thought;
Date of publication, distribution, etc 2008.
300 ## - PHYSICAL DESCRIPTION
Pagination XI-XXIII,179 P. :
Dimensions 22 cm.
650 ## - SUBJECT ADDED ENTRY--TOPICAL TERM
Topical term or geographic name as entry element Islamic eschatology- Quranic teaching
650 ## - SUBJECT ADDED ENTRY--TOPICAL TERM
Topical term or geographic name as entry element Islamic cosmology
650 ## - SUBJECT ADDED ENTRY--TOPICAL TERM
Topical term or geographic name as entry element Theology
942 ## - ADDED ENTRY ELEMENTS (KOHA)
Source of classification or shelving scheme Dewey Decimal Classification
Koha item type Books
Koha issues (borrowed), all copies 2
Holdings
Source of classification or shelving scheme Damaged status Not for loan Home library Current library Shelving location Date of accession Cost, normal purchase price Total Checkouts Full call number Barcode Date last seen Date checked out Copy number Koha item type
Dewey Decimal Classification     JCC Rouf Library JCC Rouf Library General Stacks 09/16/2021 300.00 2 297.242 SUL 2008 16940 06/23/2022 06/16/2022 C-1 Books

JCC Library | Contacts | JCC Home

Last Update on 23 September 2017
Copyright @ 2017-2020 JCC Rouf Library
Rouf Library, Jhenidah Cadet College (JCC), Bangladesh